LEADER 03842nam a2200913 i 4500
001 nkc20172903504
003 CZ PrNK
005 20220803074141.0
007 ta
008 170615s2017 xr a f 001 0 cze
015 |a cnb002903504 
020 |a 978-80-200-2658-3  |q (vázáno) 
035 |a (OCoLC)1011110824 
040 |a ABA001  |b cze  |d BOA001  |e rda 
043 |a e-gr---  |a e------ 
045 |a c0y1 
072 7 |a 7.01/.09  |x Umění  |2 Konspekt  |9 21 
080 |a 2-264-051  |2 MRF 
080 |a 2-264  |2 MRF 
080 |a 255.2  |2 MRF 
080 |a 72/76:165.21  |2 MRF 
080 |a 7.04  |2 MRF 
080 |a 75.051  |2 MRF 
080 |a 2-526.64  |2 MRF 
080 |a 75.058  |2 MRF 
080 |a 730.027  |2 MRF 
080 |a 2-526.62  |2 MRF 
080 |a 316.73(37/38)  |2 MRF 
080 |a (38)  |2 MRF 
080 |a (4)  |2 MRF 
080 |a (048.8)  |2 MRF 
100 1 |a Bažant, Jan,  |d 1950-  |7 jn19990209024  |4 aut 
245 1 0 |a Perseus & Medusa :  |b zobrazení mýtu od počátku do dneška /  |c Jan Bažant ; překresby Nina Bažantová 
246 3 |a Perseus a Medusa 
250 |a Vydání první 
264 1 |a Praha :  |b Academia,  |c 2017 
300 |a 509 stran :  |b ilustrace (některé barevné), faksimile ;  |c 25 cm 
336 |a text  |b txt  |2 rdacontent 
337 |a bez média  |b n  |2 rdamedia 
338 |a svazek  |b nc  |2 rdacarrier 
500 |a Chronologický přehled 
500 |a Terminologický slovník 
504 |a Obsahuje bibliografii, bibliografické odkazy a rejstřík 
600 0 7 |a Perseus  |c (mytologická postava)  |7 jo2017956184  |2 czenas 
600 0 7 |a Medúza  |c (mytologická postava)  |7 jo2016908866  |2 czenas 
600 0 7 |a Danaé  |c (mytologická postava)  |7 jo2017956185  |2 czenas 
600 0 7 |a Andromeda  |c (mytologická postava)  |7 jo2017956188  |2 czenas 
600 0 7 |a Pégasos  |c (mytologická postava)  |7 jo2017956187  |2 czenas 
648 4 |a 20. století př. Kr.-21. století po Kr. 
650 0 7 |a mytologické postavy  |7 ph123082  |z starověké Řecko  |2 czenas 
650 0 7 |a mýty  |7 ph123146  |z starověké Řecko  |2 czenas 
650 0 7 |a řecká mytologie  |7 ph128258  |x symbolika  |2 czenas 
650 0 7 |a zobrazení (umění)  |7 ph702181  |y 20. století př. Kr.-21. století po Kr.  |2 czenas 
650 0 7 |a náměty, témata a motivy  |7 ph138485  |y 20. století př. Kr.-21. století po Kr.  |2 czenas 
650 0 7 |a obrazy  |7 ph123609  |y 20. století př. Kr.-21. století po Kr.  |2 czenas 
650 0 7 |a sochy  |7 ph125739  |y 20. století př. Kr.-21. století po Kr.  |2 czenas 
650 0 7 |a reliéfy (malířství)  |7 ph125115  |y 20. století př. Kr.-21. století po Kr.  |2 czenas 
650 0 7 |a reliéfy (sochařství)  |7 ph125116  |y 20. století př. Kr.-21. století po Kr.  |2 czenas 
650 0 7 |a ikonografie  |7 ph121030  |2 czenas 
650 0 7 |a kulturní vlivy (antické)  |7 ph191055  |z Evropa  |2 czenas 
650 0 9 |a mythological characters  |z ancient Greece  |2 eczenas 
650 0 9 |a myths  |z ancient Greece  |2 eczenas 
650 0 9 |a Greek mythology  |x symbolism  |2 eczenas 
650 0 9 |a representation (art)  |y 20th century B.C.-21st century A.D.  |2 eczenas 
650 0 9 |a themes and motives  |y 20th century B.C.-21st century A.D.  |2 eczenas 
650 0 9 |a paintings  |y 20th century B.C.-21st century A.D.  |2 eczenas 
650 0 9 |a statues  |y 20th century B.C.-21st century A.D.  |2 eczenas 
650 0 9 |a reliefs (painting)  |y 20th century B.C.-21st century A.D.  |2 eczenas 
650 0 9 |a reliefs (sculpture)  |y 20th century B.C.-21st century A.D.  |2 eczenas 
650 0 9 |a iconography  |2 eczenas 
650 0 9 |a culture's influence (ancient)  |z Europe  |2 eczenas 
655 7 |a monografie  |7 fd132842  |2 czenas 
655 9 |a monographs  |2 eczenas 
700 1 |a Bažantová, Nina  |7 jx20050930015  |4 ill 
910 2 |a BOA001  |b 2-1393.584 
990 |a BK 
995 |a 01 
991 |b 201709  |c NOV 
996 6 |b 2610717698  |c 2-1393.584  |l MZK  |r Sklad / do 1 hodiny  |n 9  |p p.v.  |w 001627859  |u 000010  |a 1  |e BOA001  |j MZK50  |s P